Earth's natural resources / (Record no. 617)

MARC details
000 -LEADER
fixed length control field 00510nam a22001697a 4500
005 - DATE AND TIME OF LATEST TRANSACTION
control field 20230617051740.0
008 - FIXED-LENGTH DATA ELEMENTS--GENERAL INFORMATION
fixed length control field 230123b |||||||| |||| 00| 0 eng d
020 ## - INTERNATIONAL STANDARD BOOK NUMBER
International Standard Book Number 978-1-4496-3234-2
082 ## - DEWEY DECIMAL CLASSIFICATION NUMBER
Classification number 333.7 W237 2014
100 ## - MAIN ENTRY--PERSONAL NAME
Personal name Walther, John V.
Relator term author
245 ## - TITLE STATEMENT
Title Earth's natural resources /
Statement of responsibility, etc. John V. Walther
260 ## - PUBLICATION, DISTRIBUTION, ETC.
Place of publication, distribution, etc. Burlington, MA:
Name of publisher, distributor, etc. John & Bartlett Learning,
Date of publication, distribution, etc. c2014.
300 ## - PHYSICAL DESCRIPTION
Extent xxii, 428p.:
Other physical details ill.
504 ## - BIBLIOGRAPHY, ETC. NOTE
Bibliography, etc. note Includes references and index
541 ## - IMMEDIATE SOURCE OF ACQUISITION NOTE
Accession number 5731
650 ## - SUBJECT ADDED ENTRY--TOPICAL TERM
Topical term or geographic name entry element Natural resources
Holdings
Withdrawn status Lost status Source of classification or shelving scheme Damaged status Not for loan Home library Current library Date acquired Total Checkouts Full call number Barcode Date last seen Copy number Price effective from Koha item type
    Dewey Decimal Classification     ctu-moalboal ctu-moalboal 01/14/2019   333.7 W237 2014 5731 01/23/2023 1 01/23/2023 Books-Reference